| 000 | 00851nam a2200241 4500 | ||
|---|---|---|---|
| 001 | 139667 | ||
| 003 | ES-MaACL | ||
| 005 | 20230906195853.0 | ||
| 007 | t| | ||
| 008 | 070214s1912 fr r ||||1| spa d | ||
| 080 | _a91(64) | ||
| 100 | 1 |
_aLempriere, William ( _dm. 1834) _9148953 |
|
| 245 | 1 | 0 |
_aMarruecos hace cien años _b: (recuerdos del cirujano W. Lampriere) : con notas tomadas de documentos de los archivos y memorias / _cAlbert Savine ; traducción de Gustavo Vivero. |
| 260 |
_aParis : _bF. Schmidt, _c1912. |
||
| 300 |
_a192 p. : _bil. ; _c19 cm. |
||
| 490 | 1 | _aColección histórica ilustrada | |
| 651 | 4 |
_aMarruecos- _xDescripción. _99025 |
|
| 700 | 1 |
_aVivero, Gustavo. _9115565 |
|
| 700 | 0 |
_aSavine, Albert. _9104073 |
|
| 830 | 0 |
_aColección histórica ilustrada _9220252 |
|
| 852 |
_aES-MaACL _jC-2497 |
||
| 999 |
_c139667 _d139667 |
||